000 00602nam a2200181Ia 4500
003 GCL
008 140319s9999 xx 000 0 ara d
040 _aGCL /
_cGCL
082 0 4 _a239
_bع ر
100 1 _aعبدالله عمر خياط
245 1 0 _aالرسول صلى الله عليه وسلم وخلفاؤه رضى الله عنهم /
_cعبدالله عمر خياط
300 _a599 ص
490 _aالهيئة العامة للاستعلامات
_v0
650 0 4 _aالاسلام
650 0 4 _aالسيرة النبوية
650 0 4 _aالخلفاء الراشدون
942 _2ddc
_cBK
999 _c51826
_d51826